LDR 00775naa#a2200181#i#450# 001 RU\\bibl\121909 005 20260430050635.4 011 ## _a2072-9502 100 ## _a20260427b2026####ek#y0rusy0150####ca 102 ## _aRU 200 1# _aОптимизация модели YOLO для работы на NPU _eЖурнальная статья 210 1# _aАстрахань _cАстраханский государственный технический университет _d2026 215 ## _a8 с. 608 ## _aЖурнальная статья _2local 675 ## _aМодели когнитивных процессов. 004.81 _z 700 #1 _aКукушкин _gМаксим Александрович 700 #1 _aУхов _gПетр Александрович 856 4# _avestnik.astu.org _u